| 000 | 00501nam a2200169Ia 4500 | ||
|---|---|---|---|
| 005 | 20250714155853.0 | ||
| 008 | 250714s9999 xx 000 0 und d | ||
| 020 | _a9781847249982 | ||
| 082 |
_a940.2745 _bWIL |
||
| 100 | _aWillis, Sam | ||
| 245 | 4 | _aThe Fighting Temeraire | |
| 260 |
_bQuercus Books _c2009 |
||
| 300 | _a384 pages | ||
| 500 | _aWillis tells the extraordinary story of the mighty "Temeraire," the ship behind J.M.W. Turner's iconic painting. | ||
| 650 | _aArt | ||
| 942 | _cENGLISH | ||
| 999 |
_c575859 _d575859 |
||